literature by year - 19th century - Statistics

General Stats
  • This quiz has been taken 62 times
    51 since last reset
  • The average score is 11 of 15
Answer Stats
Hint Answer % Correct
1818 considered the origin of science fiction, it follows a young scientist who creates artificial life Frankenstein; or, The Modern Prometheus
95%
1851 the tale of a sea captain's quest for vengeance against a giant whale Moby-Dick; or, The Whale
95%
1838 the tale of an eponymous orphan who joins a gang of pickpockets Oliver Twist; or, The Parish Boy's Progress
95%
1831 a Gothic novel about the physically deformed bell-ringer of a cathedral in 15th century Paris The Hunchback of Notre Dame
95%
1843 the story of an elderly miser who is convinced by three ghosts to change his ways A Christmas Carol
89%
1865 a children's novel about the fantasy world that lies through a rabbit hole Alice's Adventures in Wonderland
89%
1813 a novel of manners about the second of five sisters and her romance with a man she initially dislikes Pride and Prejudice
89%
1890 the tale of a man who loses his morals but keeps his beauty and youth, with a portrait of him aging in his stead as a record of his sins The Picture of Dorian Gray
84%
1883 one of the most significant influences on modern pirate media, it follows a search for buried gold Treasure Island
79%
1804 the play upon which an opera featuring a famous overture was based, which tells the story of a legendary Swiss marksman Wilhelm Tell
76%
1847 a Bildungsroman following a woman who becomes a governess and eventually falls in love with her employer Jane Eyre
74%
1898 a horror novella, originally published in serial form, about a governess on a remote estate who becomes convinced the grounds are haunted The Turn of the Screw
42%
1855 a poetry collection about its creator's idealized self, known for its focus on the body and material world, which was reworked and republished many times until the poet's death Leaves of Grass
24%
1864 excerpts from the fictional memoir of a bitter and isolated retired civil servant in Saint Petersburg Notes from Underground
16%
1899 a precursor of modern literature, it follows a woman in Louisiana and her struggle with the gender roles of the time The Awakening
13%
No matching quizzes found
Score Distribution
Percent of People with Each Score
Percentile by Number Answered
Your Score History
You have not taken this quiz since the last reset